Estadística para administración

Պահպանված է:
Մատենագիտական մանրամասներ
Հիմնական հեղինակներ: Berenson, Mark L (Հեղինակ), Levine, David M (Հեղինակ), Krehbiel, Timothy C (Հեղինակ)
Ձևաչափ: Գիրք
Լեզու:իսպաներեն
Հրապարակվել է: Ciudad de México Pearson Educación 2001
Հրատարակություն:2a. ed
Խորագրեր:
Ցուցիչներ: Ավելացրեք ցուցիչ
Չկան պիտակներ, Եղեք առաջինը, ով նշում է այս գրառումը!

MARC

LEADER 00000nam a2200000 a 4500
001 UCM6749
003 CL-VaPUC
005 20240607114636.0
008 021122e20010000MX |||||||||||||||||spa|d
999 |c 301977  |d 301975 
020 |a 9684444567 
040 |c Pontificia Universidad Católica de Valparaíso 
082 0 4 |a 330.015195  |b BER  |2 21 
100 0 |a Berenson, Mark L  |e author  |9 472577 
245 1 0 |a Estadística para administración 
250 |a 2a. ed 
260 |a Ciudad de México  |b Pearson Educación  |c 2001 
300 |a 734 p 
500 |a Incluye Cd-Rom 
583 |a last modification  |c 20021122 00:00:00  |k Rodrigo Vera 
650 0 |a Estadística económica  |9 506187 
650 0 |a Estadística  |x Probabilidades  |9 885963 
650 0 |a Distribución (Teoría de probabilidades)  |9 885830 
650 0 |a Análisis de regresión   |9 263763 
700 |a Levine, David M  |e author  |9 503635 
700 0 |a Krehbiel, Timothy C  |e author  |9 472579 
942 |c BK  |2 ddc 
945 |d 20021122 00:00:00  |a cmena 
952 |0 0  |1 0  |4 0  |6 330_015195000000000_BER_2001  |7 0  |8 R  |9 361935  |a BIBENE  |b BIBENE  |d 2019-11-21  |i 3859908  |o 330.015195 BER 2001  |p 3859908  |r 2025-01-15  |w 2019-11-21  |y BK_R  |k ICO 
952 |0 0  |1 0  |4 0  |6 330_015195000000000_BER_2001  |7 0  |8 R  |9 361936  |a BIBENE  |b BIBENE  |d 2019-11-21  |i 3895920  |o 330.015195 BER 2001  |p 3895920  |r 2025-01-15  |w 2019-11-21  |y BK_R  |k ICO 
952 |0 0  |1 0  |4 0  |6 330_015195000000000_BER_2001  |7 0  |8 R  |9 361937  |a BIBENE  |b BIBENE  |d 2019-11-21  |i 4021924  |o 330.015195 BER 2001  |p 4021924  |r 2025-01-15  |w 2019-11-21  |y BK_R  |k ICO 
952 |0 0  |1 0  |4 0  |6 330_015195000000000_BER_2001  |7 0  |8 R  |9 361938  |a BIBENE  |b BIBENE  |d 2019-11-21  |i 4021932  |l 2  |o 330.015195 BER 2001  |p 4021932  |r 2025-04-03  |s 2025-04-03  |w 2019-11-21  |y BK_R  |k ICO 
952 |0 0  |1 0  |4 0  |6 330_015195000000000_BER_2001  |7 0  |8 R  |9 361939  |a BIBENE  |b BIBENE  |d 2019-11-21  |i 4021940  |o 330.015195 BER 2001  |p 4021940  |r 2025-01-15  |w 2019-11-21  |y BK_R  |k ICO 
952 |0 0  |1 0  |4 0  |6 330_015195000000000_BER_2001  |7 0  |8 R  |9 361940  |a BIBENE  |b BIBENE  |d 2019-11-21  |i 4021959  |o 330.015195 BER 2001  |p 4021959  |r 2025-01-15  |w 2019-11-21  |y BK_R  |k ICO 
952 |0 0  |1 0  |4 0  |6 330_015195000000000_BER_2001  |7 0  |8 R  |9 361941  |a BIBENE  |b BIBENE  |d 2019-11-21  |i 4021967  |o 330.015195 BER 2001  |p 4021967  |r 2025-01-15  |w 2019-11-21  |y BK_R  |k ICO 
952 |0 0  |1 0  |4 0  |6 330_015195000000000_BER_2001  |7 0  |8 R  |9 361942  |a BIBGIM  |b BIBGIM  |d 2019-11-21  |i 4229819  |o 330.015195 BER 2001  |p 4229819  |r 2025-01-15  |w 2019-11-21  |y BK_R  |k EST